000 00289nam a22001337a 4500
008 171101b xxu||||| |||| 00| 0 eng d
020 _a9780071549035
041 _aeng
080 _a33
100 _a59
101 _aBUS
245 _aSPIN-FREE ECONOMICS
_cBEHRAVESH,N
942 _2udc
_cBK
999 _c36973
_d36973